Bonus and profit sharing: (Record no. 463560)
[ view plain ]
| 000 -LEADER | |
|---|---|
| fixed length control field | 00866nam a2200301 a 4500 |
| 001 - CONTROL NUMBER | |
| control field | vtls001192812 |
| 003 - CONTROL NUMBER IDENTIFIER | |
| control field | NLI |
| 005 - DATE AND TIME OF LATEST TRANSACTION | |
| control field | 20210603151051.0 |
| 008 - FIXED-LENGTH DATA ELEMENTS--GENERAL INFORMATION | |
| fixed length control field | 120328s1957 ii f00| 0 eng d |
| 020 ## - INTERNATIONAL STANDARD BOOK NUMBER | |
| -- | s.20.00 |
| 039 #9 - LEVEL OF BIBLIOGRAPHIC CONTROL AND CODING DETAIL [OBSOLETE] | |
| -- | 201203281645 |
| -- | VLOAD |
| 040 ## - CATALOGING SOURCE | |
| Original cataloging agency | NLI |
| Language of cataloging | eng |
| Transcribing agency | Entertech IMP - 2012 |
| Description conventions | AACR2 |
| 041 0# - LANGUAGE CODE | |
| Language code of text/sound track or separate title | eng |
| 044 ## - COUNTRY OF PUBLISHING/PRODUCING ENTITY CODE | |
| MARC country code | ii |
| 084 ## - OTHER CLASSIFICATION NUMBER | |
| Classification number | 135.H.131 |
| 100 1# - MAIN ENTRY--PERSONAL NAME | |
| Personal name | Kothari, G. L. |
| 9 (RLIN) | 238338 |
| 245 10 - TITLE STATEMENT | |
| Title | Bonus and profit sharing: |
| Remainder of title | theory, law and practice(with special reference to India)/ |
| Statement of responsibility, etc. | G. L. Kothari |
| 260 ## - PUBLICATION, DISTRIBUTION, ETC. | |
| Place of publication, distribution, etc. | Delhi: |
| Name of publisher, distributor, etc. | Metropoliton Book, |
| Date of publication, distribution, etc. | 1957 |
| 300 ## - PHYSICAL DESCRIPTION | |
| Extent | xxix,431p. ; |
| Dimensions | 23 cm. |
| 650 #0 - SUBJECT ADDED ENTRY--TOPICAL TERM | |
| Topical term or geographic name entry element | Profit-sharing |
| 650 #0 - SUBJECT ADDED ENTRY--TOPICAL TERM | |
| Topical term or geographic name entry element | Bonus system |
| 650 #0 - SUBJECT ADDED ENTRY--TOPICAL TERM | |
| Topical term or geographic name entry element | Grocery trade |
| 9 (RLIN) | 626189 |
| 887 ## - NON-MARC INFORMATION FIELD | |
| Content of non-MARC field | |
| 901 ## - LOCAL DATA ELEMENT A, LDA (RLIN) | |
| a | 315716: |
| b | 10.07.1957 |
| 902 ## - LOCAL DATA ELEMENT B, LDB (RLIN) | |
| a | 135.H.131 |
| 942 ## - ADDED ENTRY ELEMENTS (KOHA) | |
| Source of classification or shelving scheme | Dewey Decimal Classification |
| Koha item type | Books |
| 949 ## - LOCAL PROCESSING INFORMATION (OCLC) | |
| -- | VIRTUAITEM |
| -- | 10000 |
| -- | 100 |
| 6 | IMP000315716ENG |
| Withdrawn status | Lost status | Damaged status | Not for loan | Home library | Current library | Date acquired | Total Checkouts | Full call number | Barcode | Date last seen | Price effective from | Koha item type |
|---|---|---|---|---|---|---|---|---|---|---|---|---|
| National Library of India | National Library of India | 135.H.131 | IMP000315716ENG | 03/06/2021 | 03/06/2021 | Books |
